| 000 | 00680nam a2200229Ia 4500 | ||
|---|---|---|---|
| 005 | 20250508165105.0 | ||
| 008 | 008 250505s9999 xx 000 0 eng d | ||
| 020 | _a0-19-563214-1 | ||
| 037 | _aTextual | ||
| 040 |
_aFEDL _beng _cFEDL |
||
| 041 |
_aeng _2eng |
||
| 084 |
_a954, ROB _qFEDL |
||
| 100 | _aRobb Peter Ed. | ||
| 245 | 0 | _aSociety and ideology: Essays in South Asian history (Presented to Professor K A Ballhatchet) | |
| 260 |
_aNew Delhi, India _bOxford University Press _c1993 |
||
| 300 | _ax,266p. | ||
| 365 |
_aINR _b295 |
||
| 490 | _aSOAS studies on South Asia | ||
| 546 | _aMACESE | ||
| 942 |
_cTEXL _h954, ROB |
||
| 999 |
_c1393096 _d1393096 |
||